Studies of the Faculty of Management Science 3 University of Transport and Communications Žilina

Salvato in:
Dettagli Bibliografici
Altri autori: Klimová, Ingeborg
Natura: Libro
Lingua:inglese
slovacco
Pubblicazione: Žilina Vysoká škola dopravy a spojov 1994
Edizione:1. vyd.
Soggetti:
Tags: Aggiungi Tag
Nessun Tag, puoi essere il primo ad aggiungerne!!

MARC

LEADER 00000nam a2200000 4500
001 c012662
005 20221219093804.1
020 |a 80-7100-242-9 
041 0 |a eng 
041 0 |a slo 
044 |a SK 
245 1 0 |a Studies of the Faculty of Management Science 3  |b University of Transport and Communications Žilina  |c Zodp. red. Ingeborg Klimová 
250 |a 1. vyd. 
264 1 |a Žilina  |b Vysoká škola dopravy a spojov  |c 1994 
300 |a 73 s. 
610 2 0 |a doprava železničná 
610 2 0 |a manažment strategický 
610 2 0 |a pamäť počítača 
610 2 0 |a VŠDS Žilina 
700 1 |a Klimová, Ingeborg